Молодежь и общество: проблемы и перспективы развития (Запись № 12207775)

Подробности
000 -МАРКЕР
контрольное поле 02468nam0a2200409 4500
001 - ИДЕНТИФИКАТОР ЗАПИСИ
контрольное поле RU\NLR\BIBL_A\011543471
005 - ИДЕНТИФИКАТОР ВЕРСИИ
контрольное поле 20260409071923.0
010 ## - МЕЖДУНАРОДНЫЙ СТАНДАРТНЫЙ НОМЕР КНИГИ (ISBN)
Номер (ISBN) 978-5-94811-266-4
Тираж 50
021 ## - НОМЕР ГОСУДАРСТВЕННОЙ РЕГИСТРАЦИИ
Код страны Российская Федерация
Номер 2017-85166
Номер Листа государственной регистраци 6079
035 ## - ДРУГИЕ СИСТЕМНЫЕ НОМЕРА
Идентификатор записи (NLR Aleph) 011543471
035 ## - ДРУГИЕ СИСТЕМНЫЕ НОМЕРА
Идентификатор записи (RuMoRGB)009446833
100 ## - ДАННЫЕ ОБЩЕЙ ОБРАБОТКИ
Данные общей обработки 20171130d2017 |||y0rusy50 ca
101 0# - ЯЗЫК РЕСУРСА
Язык текста, звукозаписи и т.д. русский
102 ## - СТРАНА ПУБЛИКАЦИИ ИЛИ ПРОИЗВОДСТВА
Страна публикации Российская Федерация
105 ## - ПОЛЕ КОДИРОВАННЫХ ДАННЫХ: ТЕКСТОВЫЕ МАТЕРИАЛЫ, МОНОГРАФИЧЕСКИЕ
Кодированные данные о монографическом текстовом документе a|||zzzz0|1zy
200 1# - ЗАГЛАВИЕ И СВЕДЕНИЯ ОБ ОТВЕТСТВЕННОСТИ
Основное заглавие Молодежь и общество: проблемы и перспективы развития
Сведения, относящиеся к заглавию материалы VIII Международной научно-практической конференции студентов и аспирантов (Ярославль, 28 апреля 2017 г.)
Первые сведения об ответственности Московский финансово-юридический университет МФЮА, Ярославский филиал
Последующие сведения об ответственности [ответственный редактор: Н. С. Семенова]
210 ## - ПУБЛИКАЦИЯ, РАСПРОСТРАНЕНИЕ И ДР.
Место издания, распространения и т.д. Москва
Имя издателя, распространителя и т. д. МФЮА
Дата издания, распространения и т.д. 2017
215 ## - ФИЗИЧЕСКАЯ ХАРАКТЕРИСТИКА
Специфическое обозначение материала и объем 431 с.
Другие сведения о физической характеристике ил., табл.
Размеры 21
320 ## - ПРИМЕЧАНИЯ О НАЛИЧИИ В ДОКУМЕНТЕ БИБЛИОГРАФИИ / УКАЗАТЕЛЯ
Текст примечания Библиогр. в конце ст.
606 ## - НАИМЕНОВАНИЕ ТЕМЫ КАК ПРЕДМЕТ
Наименование темы Информационные технологии
Формальный подзаголовок Съезды, совещания и т.п
Системный номер авторитетной/нормативной записи 1740175
Идентификатор авторитетной/нормативной записи RU\NLR\AUTH\66778624
606 1# - НАИМЕНОВАНИЕ ТЕМЫ КАК ПРЕДМЕТ
Наименование темы Математика
Формальный подзаголовок Съезды, совещания и т.п
Системный номер авторитетной/нормативной записи 922118
Идентификатор авторитетной/нормативной записи RU\NLR\AUTH\6619329
606 1# - НАИМЕНОВАНИЕ ТЕМЫ КАК ПРЕДМЕТ
Наименование темы Гуманитарные науки
Формальный подзаголовок Съезды, совещания и т.п
Системный номер авторитетной/нормативной записи 2175177
Идентификатор авторитетной/нормативной записи RU\NLR\AUTH\661308230
686 ## - ИНДЕКСЫ ДРУГИХ КЛАССИФИКАЦИЙ
Индекс С.я431(0)
Код системы
686 1# - ИНДЕКСЫ ДРУГИХ КЛАССИФИКАЦИЙ
Индекс З973.233я431(0)
686 1# - ИНДЕКСЫ ДРУГИХ КЛАССИФИКАЦИЙ
Индекс В1я431(0)
686 1# - ИНДЕКСЫ ДРУГИХ КЛАССИФИКАЦИЙ
Индекс С.я431
686 1# - ИНДЕКСЫ ДРУГИХ КЛАССИФИКАЦИЙ
Индекс Ч21я431
702 #1 - ИМЯ ЛИЦА - ВТОРИЧНАЯ ОТВЕТСТВЕННОСТЬ
Код отношения Редактор
Начальный элемент ввода Семенова
Часть имени, кроме начального элемента ввода Н. С.
Дополнения к именам, кроме дат педагог, юриспруденция
Даты 1953-
Расширение инициалов личного имени Наталья Сергеевна
Системный номер авторитетной/нормативной записи 183282
Идентификатор авторитетной/нормативной записи RU\NLR\AUTH\770183333
711 12 - НАИМЕНОВАНИЕ ОРГАНИЗАЦИИ - АЛЬТЕРНАТИВНАЯ ОТВЕТСТВЕННОСТЬ
Начальный элемент ввода "Молодежь и общество: проблемы и перспективы развития", международная научно-практическая конференция студентов и аспирантов
Порядковый номер временной организации и / или порядковый номер ее части 8
Место проведения временной организации Ярославль
Дата проведения временной организации 2017
Системный номер авторитетной/нормативной записи 580075
Идентификатор авторитетной/нормативной записи RU\NLR\AUTH\880458542
712 02 - НАИМЕНОВАНИЕ ОРГАНИЗАЦИИ - ВТОРИЧНАЯ ОТВЕТСТВЕННОСТЬ
Код отношения Прочие
Начальный элемент ввода Московский финансово-юридический университет
Структурное подразделение Ярославский филиал
Системный номер авторитетной/нормативной записи 579598
Идентификатор авторитетной/нормативной записи RU\NLR\AUTH\880458291
942 ## - ДОПОЛНИТЕЛЬНЫЕ ЭЛЕМЕНТЫ ЗАПИСИ (АБИС)
Тип экземпляра АБИС Книга
980 ## - КОЛЛЕКЦИЯ
Название коллекции Национальная библиография
980 ## - КОЛЛЕКЦИЯ
Название коллекции НБР

Нет доступных экземпляров.